Introduction to physical inorganic chemistry /

Kaydedildi:
Detaylı Bibliyografya
Yazar: Marks, D.J
Diğer Yazarlar: Donnelly, J.
Materyal Türü: Kitap
Dil:English
Baskı/Yayın Bilgisi: London : Longman, 1968.
Konular:
LEADER 00959nam a2200277 a 4500
001 c000181208
003 CARM
005 20050304173342.0
008 790517s1968 enka 000 0 eng d
019 1 |a 2693197  |z 22013943  |5 LACONCORD2021 
020 |a 0582426456 
035 |a (OCoLC)30282053  |5 LACONCORD2021 
040 |a QUT  |b eng  |c QUT  |d 2509 
050 1 4 |a QD475  |b .M37 
082 0 4 |a 547.1 
082 0 4 |a 547.1 
100 1 |a Marks, D.J. 
245 1 0 |a Introduction to physical inorganic chemistry /  |c D.J. Marks, J. Donnelly. 
260 |a London :  |b Longman,  |c 1968. 
300 |a ix, 273 p. :  |b ill. ;  |c 20cm. 
650 0 |a Chemistry, Inorganic. 
650 0 |a Chemistry, Physical and theoretical. 
700 1 |a Donnelly, J. 
852 8 |b CARM  |h A2:AH11H0  |i A02936  |p 0248468  |f BK 
999 f f |i e6b37b9c-42bc-59aa-8a90-304e1a2aa14d  |s 603ba8f8-5464-5044-9014-ae71f6b09f50 
952 f f |p Can circulate  |a CAVAL  |b CAVAL  |c CAVAL  |d CARM 1 Store  |e A02936  |f A2:AH11H0  |h Other scheme  |i book  |m 0248468